Učitavanje...

Marketing in India : text and cases

Bibliografski detalji
Glavni autor: Neelameghan, S
Format: Printed Book
Izdano: Vikas 2013
Teme:
LEADER 00535nam a2200193 4500
020 |c 500 
082 |a 658.8 NEE 
100 |a Neelameghan, S 
245 |a Marketing in India : text and cases  |c Neelameghan, S 
250
260 |a Vikas  |c 2013 
300 |a 706 p 
490
500
590 |a Current Books  |b 700092 dtd 7/11/13 
650 |a Marketing management 
942 |c BK 
999 |c 146201  |d 146201 
952 |0 0  |1 0  |4 0  |6 658_800000000000000_NEE  |7 0  |9 159661  |a IMK  |b IMK  |g 500.00  |l 0  |o 658.8 NEE  |p IMK12563  |r 2019-10-25  |w 2019-10-25  |y BK